000 00435nam a2200181Ia 4500
001 8043
005 20260306160540.0
008 260306t2013||||xx |||||||||||||| ||spa||
041 _aESP
082 _a370.1
_bC75 V. 13
100 _aOliart, Patricia
_eAUT
245 0 _aEducar en tiempos de cambio, 1968-1975
260 _c2013
300 _a344 páginas :
_c25 cm.
650 _aGEN
654 _aCED
942 _cLIB
_dJUS
_fJUS
_2ddc
_n
999 _c8043
_d8043